The art of critical thinking : (Record no. 6126)

MARC details
000 -LEADER
fixed length control field 00732nam a22002297a 4500
003 - CONTROL NUMBER IDENTIFIER
control field OSt
005 - DATE AND TIME OF LATEST TRANSACTION
control field 20251124154615.0
008 - FIXED-LENGTH DATA ELEMENTS--GENERAL INFORMATION
fixed length control field 251124b |||||||| |||| 00| 0 eng d
020 ## - INTERNATIONAL STANDARD BOOK NUMBER
International Standard Book Number 0-07-241376-X.
040 ## - CATALOGING SOURCE
Original cataloging agency DWCL-Main lib
Transcribing agency OC
082 ## - DEWEY DECIMAL CLASSIFICATION NUMBER
Classification number Circ. 428.4 M427 2005
100 ## - MAIN ENTRY--PERSONAL NAME
Personal name Mather, Peter
245 ## - TITLE STATEMENT
Title The art of critical thinking :
Remainder of title brushing up on your reading, thinking, and study skills
Statement of responsibility, etc. Mather, Peter
260 ## - PUBLICATION, DISTRIBUTION, ETC.
Place of publication, distribution, etc. Boston :
Name of publisher, distributor, etc. Mcgraw-Hill,
Date of publication, distribution, etc. c2005.
300 ## - PHYSICAL DESCRIPTION
Extent xxviii, 559 pages :
Other physical details illustration ;
Dimensions 27 cm.
504 ## - BIBLIOGRAPHY, ETC. NOTE
Bibliography, etc. note Includes index.
650 ## - SUBJECT ADDED ENTRY--TOPICAL TERM
Source of heading or term 1. Critical Thinking.
650 ## - SUBJECT ADDED ENTRY--TOPICAL TERM
Source of heading or term 2. Reading (Higher Education).
650 ## - SUBJECT ADDED ENTRY--TOPICAL TERM
Source of heading or term 3. Study Skills.
700 ## - ADDED ENTRY--PERSONAL NAME
Personal name Mccarthy, Rita
942 ## - ADDED ENTRY ELEMENTS (KOHA)
Source of classification or shelving scheme Dewey Decimal Classification
Koha item type Book Circulation
Call number prefix Circ.
Suppress in OPAC No
952 ## - LOCATION AND ITEM INFORMATION (KOHA)
--
Holdings
Withdrawn status Lost status Source of classification or shelving scheme Damaged status Not for loan Home library Current library Shelving location Date acquired Source of acquisition Total Checkouts Full call number Barcode Date last seen Copy number Price effective from Koha item type Uniform Resource Identifier
    Dewey Decimal Classification     College Library College Library Circulation 06/23/2008 School Fund   Circ. 428.4 M427 2005 CL45958 11/24/2025 c1 11/24/2025 BK-CIRC